000 03026nam a2200277 4500
003 CO-CtgCURN
005 20250329165448.0
008 180709s2018 000 0 eng d
040 _aCO-CtgCURN
_bspa
_ccoctgcurn
082 0 _aINS 2018
_bA779
100 1 _aArroyo Crismatt, Cesar David.
245 1 0 _aDiseño de una planta telefónica ip con una de telefonía análoga, para establecer la convergencia de sistemas de telefonía en la Corporación Universitaria Rafael Núñez. /
_cCesar David Arroyo Crismatt; Hernando José Tesillo Pacheco; Director: Marcos Soto Berrocal.
260 _aCartagena de Indias :
_bCorporación Universitaria Rafael Nuñez,
_c2018.
300 _a131 h.
336 _2rdacontent
337 _2rdamedia
338 _2rdacarrier
504 _aTrabajo de grado (Ingenieria de Sistemas). Corporación Universitaria Rafael Nuñez. Facultad de Ciencias de la salud. Ingenieria de Sistemas, 2018.
520 _aEn el proceso del diseño de la planta telefónica IP, integrada con la de telefonía análoga para establecer la convergencia entre sistemas de telefonía en la Corporación Universitaria Rafael Núñez, se ha logrado completar las etapas de recopilación, análisis y aplicación de conocimientos básicos acerca de los diferentes sistemas de telefonía que existen en la actualidad, además conocer acerca de los diferentes recursos que proporciona un sistema de telefonía con respecto a otro y verificar cual de sistema de telefonía tiene un mayor impacto económico y de la misma forma logrado establecer la metodología para iniciar el proceso de desarrollo del proyecto. Realizando un levante de la información, en la estructura interna y externa del servicio de telefonía presente en la Corporación Universitaria Rafael Núñez, con el fin de conocer qué sistema telefónico se encuentra presente, una vez realizado este proceso, se pasa a realizar un investigación exploratoria para conocer cuáles son las nuevas tecnología que se encuentran presente en la actualidad, y a partir de esto se concluye que hay un nuevo sistema de telefonía que hace bastante tiempo est tomado mucho auge, pero es muy poco conocido, que es la telefonía IP, con base a la investigación realizada se plante una propuesta que permita establecer convergencias entre los dos sistemas de telefonía, para la realización de este proyecto se toma como referencia el levante de información obtenido de la estructura telefónica presentó en la CURN.
650 0 _aIngenieria de Sistemas
_vTesis y disertaciones academicas.
700 1 _aTesillo Pacheco, Hernando José.
700 1 _aSoto Berrocal, Marcos,
_eDirector.
856 _uhttps://unicurn.sharepoint.com/:b:/s/biblioteca/EXY0p0HJ5jBJqu-iW1bFJO8B4zB1BPhRpSu9PdnQSpgnCg?e=Icg02j
_zClick aqui para ver el recurso en texto completo
942 _2ddc
_cTG
_hINS 2018
_iA779
999 _c4793
_d4793